000 00620nam a2200229Ia 4500
003 OSt
005 20220928104818.0
006 a|||||r|||| 00| 0
007 ta
008 220927b |||||||| |||| 00| 0 eng d
024 _a61275
037 _cTextual
040 _aSDCL
_cSDCL
_beng
041 _2eng
_aeng
082 _aV2(Y73(Q7):24'N47, L0
100 _aRam Gopal
_9412249
245 0 _aBhartia musalmanon ka rajnitik itihas
260 _aMeerut
_bMinaxi Prakashan
_c1970
300 _a308p
_ccm.
942 _hV2(Y73(Q7):24'N47, L0
_cTEXL
_2CC
999 _c727969
_d727969